000 01299nam a2200373 i 4500
003 EG-GICUC
005 20260121101408.0
008 251130s1996 fr ad||fr|||| 00| 0 fre d
020 _a9782247024766
040 _aEG-GiCUC
_bfre
_cEG-GiCUC
_dEG-GiCUC
_erda
041 0 _afre
082 0 4 _221
_a343.1
_bDR
092 0 4 _221
099 _aLaw1 10 343.1 DR 1996
245 1 0 _aDroit Pénale Général Et Procédure Pénale /
_cPar GEORGES LEVASSEUR, ALBERT CHAVANNE, JEAN MONTREUIL, BERNARD BOULOC.
250 _a12e Édition
264 1 _aParis :
_bSIREY,
_c1996.
300 _a399 pages :
_btableaux ;
_c24 cm.
336 _2rda content
_atext
337 _2rda media
_aComputer
338 _2rda carrier
_aOnline Resource
490 _aCOURS ELEMENTAIRE DROIT ÉCONOMIE
500 _aComprend un index.
500 _aGEORGES LEVASSEUR ALBERT CHAVANNE JEAN MONTREUIL BERNARD BOULOC (Contributeurs à la rédaction)
546 _aTexte en français
650 1 _aDroit Pénal
700 1 _aLEVASSEUR, GEORGES
_eContributeur
700 1 _aCHAVANNE, ALBERT
_eContributeur
700 1 _aMONTREUIL, JEAN
_eContributeur
700 1 _aBOULOC, BERNARD
_eContributeur
856 4 0 _uhttps://fll.law.cu.edu.eg/fulltext/bks/B10-00797.pdf
905 _a33
_eHassnaa
942 _2ddc
_cBK
_e21
_n0
999 _c47475
_d47475